[Event "11th Karpov"]
[Site "Poikovsky RUS"]
[Date "2010.06.02"]
[Round "1"]
[White "Rublevsky, S."]
[Black "Riazantsev, A."]
[Result "0-1"]
[WhiteElo "2704"]
[BlackElo "2674"]
[PlyCount "112"]
[EventDate "2010.06.02"]

1. e4 e6 2. d4 d5 3. Nd2 c5 4. Ngf3 cxd4 5. Nxd4 Nf6 6. exd5 Qxd5 7. Nb5 Na6 8.
c4 Qc6 9. a3 Be7 10. b4 O-O 11. Bb2 Rd8 12. Qc2 Nb8 13. Nd4 Qc7 14. Be2 a5 15.
b5 a4 16. O-O Nbd7 17. Rad1 Nc5 18. N4f3 Nfd7 19. Ne4 f6 20. Rfe1 Nxe4 21. Qxe4
Nc5 22. Rxd8+ Qxd8 23. Qc2 Bd7 24. Bc3 Be8 25. Bb4 Bg6 26. Qb2 Qc7 27. Rd1 Rd8
28. Rxd8+ Qxd8 29. Qc3 e5 30. Qe3 b6 31. h3 Bf8 32. Nh4 Bf7 33. Nf5 Be6 34. g4
Nb3 35. Bxf8 Kxf8 36. Qe4 Nc5 37. Qc6 Bxf5 38. gxf5 g6 39. fxg6 hxg6 40. Bf3
Kg7 41. Bd5 f5 42. Kf1 e4 43. Ke2 Nb3 44. Qb7+ Kh6 45. Qf7 Qd6 46. Qg8 Qf6 47.
Qb8 Nc1+ 48. Kf1 Nd3 49. h4 Qa1+ 50. Kg2 Ne1+ 51. Kg3 Qxa3+ 52. Kf4 Qc3 53.
Qf8+ Kh5 54. f3 Ng2+ 55. Kg3 Qxf3+ 56. Kh2 Nf4 0-1

[Event "11th Karpov"]
[Site "Poikovsky RUS"]
[Date "2010.06.03"]
[Round "2"]
[White "Onischuk, Al"]
[Black "Rublevsky, S."]
[Result "1/2-1/2"]
[WhiteElo "2699"]
[BlackElo "2704"]
[PlyCount "63"]
[EventDate "2010.06.02"]

1. d4 d5 2. c4 dxc4 3. e4 e5 4. Nf3 Bb4+ 5. Nc3 exd4 6. Nxd4 Ne7 7. Bxc4 Nbc6
8. Be3 O-O 9. Ndb5 Ba5 10. Qh5 Be6 11. Bxe6 fxe6 12. Rd1 Qe8 13. Qxe8 Rfxe8 14.
Ke2 a6 15. Nd4 Nxd4+ 16. Rxd4 Bxc3 17. bxc3 Rad8 18. Rhd1 Nc6 19. Rxd8 Rxd8 20.
Rxd8+ Nxd8 21. Bf4 c5 22. Kd3 b5 23. Be3 Nb7 24. e5 h5 25. h3 Kf7 26. g4 hxg4
27. hxg4 g6 28. f4 Ke7 29. Ke4 Kd7 30. f5 gxf5+ 31. gxf5 Ke7 32. f6+ 1/2-1/2

[Event "11th Karpov"]
[Site "Poikovsky RUS"]
[Date "2010.06.03"]
[Round "2"]
[White "Riazantsev, A."]
[Black "Sutovsky, E."]
[Result "1/2-1/2"]
[WhiteElo "2674"]
[BlackElo "2661"]
[PlyCount "73"]
[EventDate "2010.06.02"]

1. d4 Nf6 2. c4 g6 3. Nc3 d5 4. Bf4 Bg7 5. e3 O-O 6. Nf3 c5 7. dxc5 Qa5 8. Rc1
dxc4 9. Bxc4 Qxc5 10. Bb3 Nc6 11. O-O Qa5 12. h3 Bf5 13. Qe2 Ne4 14. Nd5 e5 15.
Bg5 Rae8 16. Rfd1 h6 17. Bh4 g5 18. Bg3 Nxg3 19. fxg3 e4 20. Nd2 Qd8 21. Nc4
Qb8 22. Rf1 Be6 23. Nf6+ Bxf6 24. Rxf6 Qxg3 25. Qh5 Ne5 26. Nxe5 Qxe3+ 27. Kh2
Qxc1 28. Rg6+ fxg6 29. Qxg6+ Kh8 30. Qxh6+ Kg8 31. Qg6+ Kh8 32. Qh6+ Kg8 33.
Bxe6+ Rxe6 34. Qxe6+ Kg7 35. Qg6+ Kh8 36. Qh6+ Kg8 37. Qg6+ 1/2-1/2

[Event "11th Karpov"]
[Site "Poikovsky RUS"]
[Date "2010.06.04"]
[Round "3"]
[White "Jobava, Ba"]
[Black "Riazantsev, A."]
[Result "1/2-1/2"]
[WhiteElo "2715"]
[BlackElo "2674"]
[PlyCount "36"]
[EventDate "2010.06.02"]

1. c4 Nf6 2. Nc3 e6 3. e4 d5 4. e5 d4 5. exf6 dxc3 6. bxc3 Qxf6 7. Bd3 c5 8.
Nf3 Bd6 9. O-O Bd7 10. Be4 Bc6 11. Qc2 Bxe4 12. Qxe4 Nc6 13. Rb1 Qg6 14. Qxg6
hxg6 15. Rxb7 Na5 16. Rb5 Nxc4 17. Re1 Nb6 18. Ba3 Rh5 1/2-1/2

[Event "11th Karpov"]
[Site "Poikovsky RUS"]
[Date "2010.06.04"]
[Round "3"]
[White "Sokolov, Ivan"]
[Black "Vitiugov, N."]
[Result "1/2-1/2"]
[WhiteElo "2654"]
[BlackElo "2707"]
[PlyCount "79"]
[EventDate "2010.06.02"]

1. d4 Nf6 2. c4 e6 3. Nc3 Bb4 4. e3 O-O 5. Nge2 d5 6. a3 Be7 7. cxd5 exd5 8.
Nf4 c6 9. Bd3 Re8 10. O-O Bd6 11. f3 b6 12. b4 Bb7 13. Rb1 a5 14. Nfe2 axb4 15.
axb4 Na6 16. Na2 Qc7 17. h3 c5 18. bxc5 bxc5 19. Nac3 Bc6 20. dxc5 Nxc5 21. Bb5
Ne6 22. Bd2 Bc5 23. Kh1 Bxb5 24. Nxb5 Qd7 25. Rb3 Rab8 26. Qb1 Rb6 27. Nbc3
Rxb3 28. Qxb3 d4 29. exd4 Nxd4 30. Nxd4 Qxd4 31. Bg5 Bf8 32. Rd1 Qe5 33. f4 Qf5
34. Bxf6 Qxf6 35. Nd5 Qe6 36. Qf3 Qe2 37. Qg4 Qxg4 38. hxg4 h6 39. Kh2 Bd6 40.
Nf6+ 1/2-1/2

[Event "11th Karpov"]
[Site "Poikovsky RUS"]
[Date "2010.06.05"]
[Round "4"]
[White "Karjakin, Sergey"]
[Black "Sokolov, Ivan"]
[Result "1-0"]
[WhiteElo "2739"]
[BlackElo "2654"]
[PlyCount "87"]
[EventDate "2010.06.02"]

1. e4 e5 2. Nf3 Nc6 3. Bb5 a6 4. Ba4 Nf6 5. O-O Be7 6. Re1 b5 7. Bb3 d6 8. c3
O-O 9. h3 Re8 10. d4 Bb7 11. Nbd2 Bf8 12. a3 Qd7 13. Ba2 g6 14. b4 Bg7 15. Bb2
a5 16. d5 Ne7 17. Nb3 axb4 18. cxb4 Nh5 19. Rc1 Bc8 20. Rc3 Ra7 21. Na5 Nf4 22.
Bc1 h6 23. Qc2 g5 24. Nh2 Neg6 25. Be3 Nxg2 26. Kxg2 Rxa5 27. bxa5 Qxh3+ 28.
Kh1 Nh4 29. f3 Nxf3 30. Rc1 Nxh2 31. Qxh2 Qf3+ 32. Qg2 Qh5+ 33. Kg1 Bh3 34. Qg3
f5 35. Bf2 Bg4 36. a6 f4 37. Qh2 Qg6 38. Rxc7 Bf3 39. Rc8 Rxc8 40. Rxc8+ Kh7
41. a7 g4 42. a8=Q g3 43. Bxg3 fxg3 44. Qh4 1-0

[Event "11th Karpov"]
[Site "Poikovsky RUS"]
[Date "2010.06.05"]
[Round "4"]
[White "Rublevsky, S."]
[Black "Sutovsky, E."]
[Result "1/2-1/2"]
[WhiteElo "2704"]
[BlackElo "2661"]
[PlyCount "169"]
[EventDate "2010.06.02"]

1. e4 c5 2. Nf3 d6 3. d4 cxd4 4. Nxd4 Nf6 5. Nc3 a6 6. Be2 e6 7. f4 Be7 8. O-O
Nc6 9. Nxc6 bxc6 10. e5 dxe5 11. fxe5 Qxd1 12. Rxd1 Nd7 13. Bf4 Rb8 14. b3 Nc5
15. Bf3 O-O 16. Rd2 Rb4 17. Bg3 a5 18. Re1 Rb7 19. Ne4 Nxe4 20. Rxe4 c5 21. Ra4
Ra7 22. Bc6 Rd8 23. Be1 Rxd2 24. Bxd2 Bd8 25. Be3 Bb6 26. c3 Bb7 27. Bxb7 Rxb7
28. Kf2 Kf8 29. Ke2 Ke8 30. Rc4 Rc7 31. Rh4 h6 32. Rg4 g5 33. h4 gxh4 34. Rxh4
Kd7 35. Bxh6 Kc6 36. Bg5 Kd5 37. c4+ Kc6 38. Rh8 a4 39. Rd8 axb3 40. Rd6+ Kb7
41. axb3 Rc8 42. Rd7+ Kc6 43. Rd6+ Kc7 44. Bf6 Ra8 45. g4 Ba5 46. Rd3 Bb4 47.
g5 Ra2+ 48. Ke3 Rb2 49. Be7 Kc6 50. Kf4 Rd2 51. Rf3 Kd7 52. Bf6 Rd4+ 53. Ke3
Bd2+ 54. Ke2 Bf4 55. Rh3 Re4+ 56. Kd3 Rd4+ 57. Kc2 Rd2+ 58. Kc3 Rh2 59. Rd3+
Kc6 60. Rf3 Bd2+ 61. Kd3 Rg2 62. Be7 Bxg5 63. Rxf7 Rd2+ 64. Kc3 Rd7 65. Bxg5
Rxf7 66. Bf6 Rh7 67. Kb2 Rh3 68. Be7 Rh2+ 69. Ka3 Rd2 70. Bd6 Rd3 71. Bf8 Rd7
72. Bd6 Ra7+ 73. Kb2 Ra5 74. Be7 Ra8 75. Bd6 Rg8 76. Ka3 Rg2 77. Be7 Rc2 78.
Bd6 Re2 79. Bb8 Kd7 80. Bd6 Kc6 81. Bb8 Rh2 82. Bd6 Rh8 83. Kb2 Rc8 84. Ka3 Rd8
85. Be7 1/2-1/2

[Event "11th Karpov"]
[Site "Poikovsky RUS"]
[Date "2010.06.06"]
[Round "5"]
[White "Sokolov, Ivan"]
[Black "Jakovenko, D."]
[Result "1-0"]
[WhiteElo "2654"]
[BlackElo "2725"]
[PlyCount "83"]
[EventDate "2010.06.02"]

1. d4 Nf6 2. c4 e6 3. Nc3 Bb4 4. e3 O-O 5. Nge2 d5 6. a3 Bd6 7. Ng3 Nbd7 8.
cxd5 exd5 9. Nf5 Nb6 10. Nxd6 Qxd6 11. Bd3 Be6 12. a4 Rfe8 13. a5 Nc8 14. Qc2
Qd7 15. f3 Nd6 16. g4 Rac8 17. g5 Nh5 18. Bxh7+ Kh8 19. Bd3 c5 20. dxc5 d4 21.
cxd6 dxc3 22. bxc3 Nf4 23. Be4 Nh3 24. Ra4 Nxg5 25. Rg1 f6 26. Rd4 Rc4 27. Ba3
Rec8 28. Bb4 Rxd4 29. exd4 Re8 30. Kd1 Nxe4 31. fxe4 Bg8 32. Kc1 Bh7 33. Re1 b6
34. a6 Qb5 35. Qe2 Qa4 36. Kb2 Rxe4 37. Qxe4 Bxe4 38. Rxe4 Kh7 39. Re7 Qd1 40.
d7 Qd2+ 41. Ka3 b5 42. Ba5 1-0

[Event "11th Karpov"]
[Site "Poikovsky RUS"]
[Date "2010.06.06"]
[Round "5"]
[White "Vitiugov, N."]
[Black "Karjakin, Sergey"]
[Result "1-0"]
[WhiteElo "2707"]
[BlackElo "2739"]
[PlyCount "137"]
[EventDate "2010.06.02"]

1. d4 Nf6 2. c4 e6 3. Nc3 Bb4 4. e3 O-O 5. Bd3 c5 6. Nf3 d5 7. O-O dxc4 8. Bxc4
Nbd7 9. a3 cxd4 10. axb4 dxc3 11. bxc3 Qc7 12. Be2 Qxc3 13. Rb1 Qc7 14. Bb2 e5
15. Qb3 a5 16. Rbc1 Qb8 17. bxa5 Rxa5 18. Ba3 Rxa3 19. Qxa3 b6 20. Rfd1 Nc5 21.
Qb2 Bg4 22. h3 e4 23. hxg4 Nxg4 24. Rd4 f5 25. g3 exf3 26. Bxf3 h5 27. Rb4 Qd8
28. Rd1 Qg5 29. Qd4 Qg6 30. Qd6 Qxd6 31. Rxd6 Ne4 32. Bxe4 fxe4 33. Rd2 Nf6 34.
Rxb6 Kh7 35. Kg2 Kh6 36. Rd5 g6 37. Rdd6 Kg5 38. Re6 Kf5 39. Re7 Kg5 40. Rbb7
Ra8 41. Rb5+ Kh6 42. Re6 Rf8 43. Rbb6 Kg5 44. Ra6 Rf7 45. f4+ exf3+ 46. Kxf3
Ng4+ 47. Ke2 Rg7 48. e4 Rg8 49. Kd3 Nf2+ 50. Ke3 Ng4+ 51. Kd4 Nf2 52. Ke3 Ng4+
53. Ke2 Nh6 54. Kf3 Ng4 55. Ra5+ Kh6 56. e5 Kg5 57. Ke4 Nf2+ 58. Kd5 Nh1 59.
Ra3 Kg4 60. Rb6 Nxg3 61. Rb4+ Kh3 62. e6 g5 63. e7 g4 64. Ke6 Kg2 65. Rb2+ Kh3
66. Kf7 Rh8 67. e8=Q Rxe8 68. Kxe8 h4 69. Rb4 1-0

[Event "11th Karpov"]
[Site "Poikovsky RUS"]
[Date "2010.06.07"]
[Round "6"]
[White "Onischuk, Al"]
[Black "Bologan, V."]
[Result "1/2-1/2"]
[WhiteElo "2699"]
[BlackElo "2668"]
[PlyCount "107"]
[EventDate "2010.06.02"]

1. d4 Nf6 2. c4 e6 3. Nc3 Bb4 4. Qc2 O-O 5. e4 d5 6. e5 Ne4 7. Bd3 c5 8. Nge2
cxd4 9. Nxd4 Nd7 10. Bxe4 dxe4 11. Qxe4 Qa5 12. O-O Qxe5 13. Qh4 Nf6 14. Bg5 h6
15. Bxf6 Qxf6 16. Qxf6 gxf6 17. Rac1 Bd7 18. Rfd1 Rfd8 19. Rd3 Be8 20. a3 Be7
21. Rcd1 Rac8 22. Kf1 Rxc4 23. Nf5 Rxd3 24. Nxe7+ Kf8 25. Rxd3 Kxe7 26. Rh3 b5
27. Rxh6 b4 28. axb4 Rxb4 29. Nd1 Ba4 30. Ke1 Bxd1 31. Kxd1 Rxb2 32. Ke1 a5 33.
Rh8 a4 34. Ra8 Rb4 35. g3 f5 36. Ke2 f4 37. Ra7+ Kf6 38. Kf3 fxg3 39. hxg3 Rb3+
40. Ke4 a3 41. Ra5 Rb2 42. f4 a2 43. g4 Ke7 44. f5 Kd6 45. fxe6 Kxe6 46. g5 Kd6
47. Kd4 Kc6 48. Kc4 Rc2+ 49. Kb3 Rf2 50. Kc4 Kb6 51. Ra8 Rg2 52. Kb4 Rxg5 53.
Rxa2 Rc5 54. Ra6+ 1/2-1/2

[Event "11th Karpov"]
[Site "Poikovsky RUS"]
[Date "2010.06.07"]
[Round "6"]
[White "Riazantsev, A."]
[Black "Sokolov, Ivan"]
[Result "1-0"]
[WhiteElo "2674"]
[BlackElo "2654"]
[PlyCount "65"]
[EventDate "2010.06.02"]

1. d4 Nf6 2. c4 c6 3. Nc3 d5 4. e3 a6 5. Nf3 b5 6. b3 Bg4 7. Be2 e6 8. O-O Nbd7
9. h3 Bf5 10. Bd3 Bg6 11. Qc2 Bb4 12. Bd2 Ba5 13. Bxg6 hxg6 14. b4 Bxb4 15.
Nxd5 cxd5 16. Bxb4 dxc4 17. e4 Rc8 18. Ng5 a5 19. Bd6 Rc6 20. e5 Rxd6 21. exd6
Nb6 22. Rae1 O-O 23. Re5 Nbd5 24. a4 Qxd6 25. axb5 Rc8 26. Rb1 Qb6 27. Nf3 Nb4
28. Rc5 Rxc5 29. dxc5 Qxc5 30. Qa4 Nd3 31. Qxa5 Qxf2+ 32. Kh2 Ne4 33. Qa8+ 1-0

[Event "11th Karpov"]
[Site "Poikovsky RUS"]
[Date "2010.06.09"]
[Round "7"]
[White "Vitiugov, N."]
[Black "Riazantsev, A."]
[Result "1/2-1/2"]
[WhiteElo "2707"]
[BlackElo "2674"]
[PlyCount "107"]
[EventDate "2010.06.02"]

1. d4 Nf6 2. c4 e6 3. Nc3 Bb4 4. Qc2 d5 5. cxd5 Qxd5 6. Nf3 Qf5 7. Qb3 Nc6 8.
Bd2 a5 9. a3 a4 10. Qd1 Bd6 11. h3 e5 12. e4 Qh5 13. d5 Nd4 14. Be2 Nxe2 15.
Qxe2 O-O 16. O-O-O Nd7 17. g4 Qg6 18. Nh4 Qf6 19. Nf5 b5 20. h4 Qd8 21. Na2 b4
22. Nxb4 Nc5 23. Kb1 Nb3 24. Bc3 Re8 25. Nc6 Qd7 26. f4 Ba6 27. Qf3 Nd4 28.
Ncxd4 exd4 29. Rxd4 Bf8 30. Bb4 Rab8 31. Qc3 g6 32. Bxf8 Rb3 33. Qa5 Bd3+ 34.
Rxd3 Rxd3 35. Qa6 gxf5 36. Qxd3 fxe4 37. Qd4 Kxf8 38. Re1 Qxg4 39. Qh8+ Qg8 40.
Qc3 e3 41. Qb4+ Re7 42. f5 f6 43. d6 cxd6 44. Qxd6 Kf7 45. Qd5+ Kf8 46. Qa8+
Kf7 47. Qxa4 Qg2 48. Qc4+ Kg7 49. Qe2 Qe4+ 50. Qc2 Qf3 51. Qc5 Qe4+ 52. Qc2 Qf3
53. Qc5 Qe4+ 54. Qc2 1/2-1/2

[Event "11th Karpov"]
[Site "Poikovsky RUS"]
[Date "2010.06.09"]
[Round "7"]
[White "Naiditsch, A."]
[Black "Sutovsky, E."]
[Result "1-0"]
[WhiteElo "2686"]
[BlackElo "2661"]
[PlyCount "71"]
[EventDate "2010.06.02"]

1. e4 c5 2. Nf3 d6 3. d4 cxd4 4. Nxd4 Nf6 5. Nc3 a6 6. h3 Nbd7 7. g4 h6 8. f4
e5 9. Nf5 Nc5 10. Bg2 g6 11. Ng3 h5 12. f5 h4 13. Nge2 d5 14. fxg6 d4 15. gxf7+
Kxf7 16. O-O Kg6 17. Nd5 Bg7 18. b4 Ncd7 19. Qd3 Nb6 20. Nxd4 Bd7 21. Nf5 Bb5
22. Nde7+ Kf7 23. Qxd8 Rhxd8 24. Rf2 Rd1+ 25. Kh2 Bf8 26. g5 Bxe7 27. Nxe7 Kxe7
28. gxf6+ Kd6 29. f7 Nd7 30. Bf3 Re1 31. Bg4 Rf8 32. Bxd7 Kxd7 33. Bh6 Rxa1 34.
Bxf8 Bc6 35. Bh6 Bxe4 36. Rg2 1-0